[Event "IND-chT 44th"]
[Site "Ahmedabad"]
[Date "2025.03.07"]
[Round "4.1"]
[White "Sherla, Prathamesh"]
[Black "Akbari, Mann"]
[Result "1-0"]
[WhiteElo "2131"]
[BlackElo "1880"]
[PlyCount "89"]
[EventDate "2025.03.05"]
[EventType "team-swiss"]
[EventRounds "9"]
[EventCountry "IND"]
[SourceTitle "CB12_2025"]
[SourceDate "2025.03.19"]
[SourceVersion "1"]
[SourceVersionDate "2025.03.19"]
[SourceQuality "1"]
[WhiteTeam "Maharashtra"]
[BlackTeam "Gujarat"]
[WhiteTeamCountry "IND"]
[BlackTeamCountry "IND"]

1. Nf3 Nf6 2. c4 c5 3. Nc3 b6 4. g3 Bb7 5. Bg2 g6 6. d3 Bg7 7. e4 d6 8. 0-0 0-0 9. h3 e6 10. Ne1 Nc6 11. f4 a6 12. Nc2 Qc7 13. Be3 Rfe8 14. g4 Nd7 15. Qd2 Nd4 16. Bf2 b5 17. cxb5 Nxb5 18. a4 Nxc3 19. bxc3 c4 20. d4 f5 21. e5 Bxg2 22. Kxg2 Qc6+ 23. Kh2 fxg4 24. hxg4 Qf3 25. Bg3 Qc6 26. Nb4 Qb7 27. a5 dxe5 28. fxe5 Rf8 29. Qg2 Qxg2+ 30. Kxg2 Rfb8 31. d5 Re8 32. Rae1 exd5 33. Nxd5 Ra7 34. e6 Nb8 35. g5 Nc6 36. Nf6+ Kf8 37. Bd6+ Ree7 38. Nd5+ Ke8 39. Bxe7 Nxe7 40. Rf7 Nc6 41. Rxa7 Nxa7 42. e7 Nb5 43. Nf6+ Bxf6 44. gxf6 Nd6 45. Re6 1-0

[Event "Udaipur Pandiyar op 8th"]
[Site "Udaipur"]
[Date "2023.10.18"]
[Round "8"]
[White "Akbari, Mann"]
[Black "Swapnil, S Dhopade"]
[Result "0-1"]
[WhiteElo "1691"]
[BlackElo "2469"]
[PlyCount "80"]
[EventDate "2023.10.15"]
[EventType "swiss"]
[EventRounds "9"]
[EventCountry "IND"]
[SourceTitle "CBM 216 Extra"]
[Source "ChessBase"]
[SourceDate "2023.11.30"]
[SourceVersion "1"]
[SourceVersionDate "2023.11.30"]
[SourceQuality "1"]

1. e4 c6 2. d4 d5 3. exd5 cxd5 4. Bd3 Nc6 5. c3 Nf6 6. Bf4 Bg4 7. Qb3 Qd7 8. Nd2 e6 9. Ngf3 Bd6 10. Bxd6 Qxd6 11. 0-0 0-0 12. Rae1 Bxf3 13. Nxf3 Qc7 14. Qc2 g6 15. h3 Rab8 16. Ne5 Nxe5 17. Rxe5 b5 18. Qd2 Kg7 19. a3 a5 20. Ree1 Rfc8 21. Ra1 Ne8 22. a4 b4 23. Rfc1 Qd8 24. Rab1 Nd6 25. Qf4 bxc3 26. bxc3 Rxb1 27. Bxb1 Rc4 28. Bd3 Rxa4 29. Qd2 Nc4 30. Qe2 Qc7 31. g3 Ra3 32. h4 h5 33. Qc2 a4 34. Bf1 Rb3 35. Ra1 Na3 36. Qe2 Qxc3 37. Qe5+ Kg8 38. Rd1 Nc4 39. Qf6 Qf3 40. Qd8+ Kg7 0-1